[Event "AUTO-ADV-4544"]
[Site "http://www.queenalice.com/game.php?id=1771265"]
[Date "2021.10.2"]
[Round "1"]
[White "bonfim"]
[Black "Castling"]
[Result "0-1"]
[WhiteElo "1695"]
[BlackElo "1535"]

1. e4 e5 2. Nf3 d6 3. Nc3 a6 4. Bc4 h6 5. d3 Nc6 6. a3 Bg4 7. h3 Bh5 8. g4 Bg6
9. Be3 Nf6 10. Qd2 Be7 11. Nd5 Nxd5 12. Bxd5 Qd7 13. b4 O-O-O 14. a4 Nd4 15.
Nxe5 dxe5 16. Bxd4 exd4 17. c3 Bf6 18. cxd4 Bxd4 19. Rc1 Qxa4 20. O-O Qb5 21.
Rb1 Rhe8 22. h4 c6 23. Bc4 Qe5 24. h5 b5 25. Bd5 cxd5 26. Qc2+ Kb7 27. Rbc1 Rc8
28. Qb3 Rxc1 29. Rxc1 Bh7 30. Qc2 Bb6 31. Re1 Bxf2+ 32. Qxf2 dxe4 33. Qg2 Qd4+
34. Qf2 Qxd3 35. Qxf7+ Kb6 36. Qxe8 Qg3+ 37. Kf1 Qd3+ 38. Kg1 Qg3+ 39. Kf1 Qxg4
40. Qh8 Qf5+ 41. Kg2 Qf3+ 42. Kg1 e3 43. Qb8+ Qb7 44. Qxb7+ Kxb7 45. Rxe3 Bf5
46. Re5 g6 47. Rxf5 gxf5 48. Kf2 Kc6 49. Kf3 Kd5 50. Kf4 Ke6 51. Ke3 Ke5 52. Kf3
f4 53. Kg4 f3 54. Kg3 Ke4 55. Kf2 Kf4 56. Kf1 Kg3 57. Ke1 Kg2 58. Kd2 f2 59. Ke2
f1=Q+ 60. Kd2 Qc4 61. Ke3 Qxb4 62. Ke2 Qc3 63. Kd1 Qb2 64. Ke1 Kf3 65. Kd1 Ke3
66. Ke1 Qe2# 0-1

[Event "AUTO-ADV-4545"]
[Site "http://www.queenalice.com/game.php?id=1771325"]
[Date "2021.10.3"]
[Round "1"]
[White "chessman"]
[Black "bonfim"]
[Result "1-0"]
[WhiteElo "2014"]
[BlackElo "1751"]

1. e4 e5 2. Nf3 Nc6 3. Bb5 Qf6 4. d3 a6 5. Ba4 b5 6. Bb3 Bc5 7. c3 h6 8. O-O
Nge7 9. d4 Bd6 10. Re1 a5 11. Bd5 Bb7 12. dxe5 Bxe5 13. Nxe5 Qxe5 14. Bb3 a4 15.
Bc2 h5 16. f4 Qc5+ 17. Be3 Qd6 18. Qxd6 cxd6 19. Nd2 h4 20. Nf3 a3 21. b3 f6 22.
Rad1 h3 23. g3 O-O-O 24. Rxd6 f5 25. e5 Kc7 26. Red1 Bc8 27. Nd4 Ba6 28. Nxf5
Nxf5 29. Bxf5 Bc8 30. Be4 Kb8 31. Bxc6 Kc7 32. Bxb5 Rhe8 33. c4 Re6 34. Rxe6 Rf8
35. Bxd7 Bxd7 36. Re7 Rd8 37. Rdxd7+ Rxd7 38. Rxd7+ Kxd7 39. Kf2 Ke6 40. b4 g6
41. Kf3 Kd7 42. Kg4 Kc7 43. f5 gxf5+ 44. Kxf5 Kd7 45. Kf6 Kc6 46. e6 Kd6 47. Kf7
Ke5 48. e7 Ke4 49. e8=Q+ Kd3 50. Qa4 Kxe3 51. Qxa3+ Kf2 52. Qb2+ Kf3 53. b5 Kg4
54. Qf2 Kg5 55. Qf4+ Kh5 56. Qh4# 1-0

[Event "AUTO-ADV-4545"]
[Site "http://www.queenalice.com/game.php?id=1771326"]
[Date "2021.10.3"]
[Round "1"]
[White "bonfim"]
[Black "chessman"]
[Result "0-1"]
[WhiteElo "1757"]
[BlackElo "2008"]

1. e4 e6 2. e5 d5 3. d4 c5 4. dxc5 Bxc5 5. Bb5+ Bd7 6. Bxd7+ Qxd7 7. Nf3 Ne7 8.
a3 O-O 9. Be3 Bxe3 10. fxe3 Nbc6 11. Nc3 Ng6 12. Qe2 Ncxe5 13. Nxe5 Nxe5 14.
O-O-O Rac8 15. Rhf1 Nc4 16. e4 Nxa3 17. exd5 Nc4 18. dxe6 Qxe6 19. Qxe6 fxe6 20.
Rxf8+ Kxf8 21. Nb5 a6 22. Nd4 Kf7 23. Rf1+ Ke7 24. Re1 e5 25. Nf5+ Kf8 26. Ne3
Nxe3 27. Rxe3 Re8 28. b4 Kf7 29. Kd2 Ke6 30. Kd3 Rd8+ 31. Ke2 Rd7 32. g4 g6 33.
Rd3 Rxd3 34. cxd3 Kd5 35. Ke3 b6 36. g5 a5 37. bxa5 bxa5 38. Kd2 Kd4 39. Kc2 a4
40. h3 a3 41. h4 a2 42. Kb2 Kxd3 43. Kxa2 Kd2 44. Kb3 e4 45. h5 e3 46. hxg6 hxg6
47. Kc4 e2 48. Kd4 e1=Q 49. Kd5 Kd3 50. Kd6 Kc4 51. Kc6 Qe6+ 52. Kc7 Kc5 53. Kd8
Qf7 54. Kc8 Kc6 55. Kb8 Qb7# 0-1

[Event "AUTO-ADV-4545"]
[Site "http://www.queenalice.com/game.php?id=1771343"]
[Date "2021.10.3"]
[Round "1"]
[White "bonfim"]
[Black "mvson33"]
[Result "0-1"]
[WhiteElo "1689"]
[BlackElo "1632"]

1. e4 c6 2. e5 d5 3. Nf3 e6 4. d4 Bd7 5. Nc3 Bb4 6. Bd2 c5 7. a3 Ba5 8. Bb5 cxd4
9. Bxd7+ Nxd7 10. Nb5 Bc7 11. Qe2 a6 12. Nxc7+ Qxc7 13. c3 dxc3 14. bxc3 Ne7 15.
Bf4 Qxc3+ 16. Qd2 Qxa1+ 17. Qd1 Qxd1+ 18. Kxd1 O-O 19. Bg5 Nc6 20. Re1 Rac8 21.
Re2 Rc7 22. h4 Rfc8 23. Bf4 Ncxe5 24. Nxe5 Rc1+ 25. Kd2 R1c2+ 26. Kd1 Rxe2 27.
Kxe2 h6 28. Nxd7 Rc2+ 29. Bd2 Ra2 30. a4 Rxa4 31. Nc5 Rxh4 32. Nxb7 Ra4 33. Nc5
Ra2 34. f4 a5 35. Ke3 Kf8 36. Nb3 a4 37. Nc1 Rb2 38. Nd3 Rb7 39. Nc5 Ra7 40. Bb4
a3 41. Bc3 Ke7 42. Bxg7 a2 43. Nb3 Ra3 44. Kd2 Rxb3 45. Kc2 f6 46. Kxb3 a1=Q 47.
Bxh6 Qg1 48. f5 Qxg2 49. Kb4 Qh3 50. fxe6 Qxh6 51. Kc5 Kxe6 52. Kd4 Qf4+ 53. Kc5
Qc4+ 54. Kb6 Kd6 55. Kb7 Qc6+ 56. Ka7 Qb5 57. Ka8 Kc7 58. Ka7 Qa5# 0-1

[Event "AUTO-ADV-4545"]
[Site "http://www.queenalice.com/game.php?id=1771344"]
[Date "2021.10.3"]
[Round "1"]
[White "mvson33"]
[Black "bonfim"]
[Result "1-0"]
[WhiteElo "1659"]
[BlackElo "1746"]

1. e4 e5 2. Nf3 Nc6 3. Bc4 a6 4. O-O Nf6 5. d3 h6 6. Nc3 d6 7. a3 b5 8. Ba2 Bg4
9. Nd5 Bxf3 10. Qxf3 Nxd5 11. Bxd5 Qd7 12. c3 f6 13. Be3 Ne7 14. Bxa8 Nc6 15.
Bxc6 Qxc6 16. Qh5+ Kd7 17. Qf7+ Be7 18. Qd5 Qxd5 19. exd5 g5 20. Rfe1 g4 21. Re2
f5 22. Bd2 a5 23. c4 bxc4 24. dxc4 a4 25. Rae1 f4 26. Bxf4 exf4 27. Rxe7+ Kd8
28. Rf7 g3 29. Ree7 gxf2+ 30. Kxf2 Rg8 31. Rxc7 h5 32. Ra7 Ke8 33. Rfb7 Rg7 34.
Rb8# 1-0

[Event "AUTO-ADV-4545"]
[Site "http://www.queenalice.com/game.php?id=1771345"]
[Date "2021.10.3"]
[Round "1"]
[White "bonfim"]
[Black "forever"]
[Result "0-1"]
[WhiteElo "1708"]
[BlackElo "1796"]

1. e4 Nc6 2. Nc3 e5 3. a3 Nf6 4. Nf3 d5 5. exd5 Nxd5 6. Nxd5 Qxd5 7. d3 Bc5 8.
Be3 Nd4 9. Bxd4 exd4 10. Be2 O-O 11. Qd2 Re8 12. c4 Qe6 13. Ng5 Qg6 14. O-O h6
15. Ne4 Be7 16. Ng3 Bg5 17. Qd1 Bd7 18. Bf3 c6 19. Ne4 Bf4 20. Bh5 Qf5 21. Bg4
Qxg4 22. Qxg4 Bxg4 23. Rfe1 f5 24. Nc5 Rxe1+ 25. Rxe1 b6 26. Ne6 Re8 27. Kf1
Bxh2 28. g3 Bh3+ 29. Ke2 Rxe6+ 30. Kd2 Rxe1 31. Kxe1 f4 32. gxf4 Bxf4 33. Ke2
Bc1 34. b4 Bxa3 35. b5 cxb5 36. cxb5 h5 37. Kf3 Bd7 38. Ke4 Bxb5 39. Kxd4 h4 40.
Ke3 a5 41. Kf3 Bxd3 42. Kg4 Be7 43. f4 a4 44. Kf3 a3 45. Ke3 Bf5 46. Kd4 a2 47.
Ke5 g6 48. Kd4 a1=Q+ 49. Kc4 Be6+ 50. Kb5 Qa5+ 51. Kc6 Bd5+ 52. Kd7 Qa7+ 53. Kc8
Qb7# 0-1

[Event "AUTO-ADV-4545"]
[Site "http://www.queenalice.com/game.php?id=1771346"]
[Date "2021.10.3"]
[Round "1"]
[White "forever"]
[Black "bonfim"]
[Result "0-1"]
[WhiteElo "1765"]
[BlackElo "1756"]

1. d4 d5 2. Nf3 Nc6 3. h3 Nf6 4. Bg5 Ne4 5. Bf4 Bf5 6. e3 a6 7. Bd3 e6 8. c3 Bd6
9. Ne5 Nxe5 10. Bxe5 Bxe5 11. dxe5 f6 12. f3 Ng3 13. Rg1 Bxd3 14. Qxd3 fxe5 15.
Nd2 e4 16. Qd4 Qg5 17. Kf2 Nf5 18. Qe5 Qxe3+ 19. Kf1 Qxd2 20. Qxe6+ Ne7 21. Re1
Qxb2 22. fxe4 Rf8+ 0-1

[Event "Plaisir de jouer"]
[Site "http://www.queenalice.com/game.php?id=1773299"]
[Date "2021.10.27"]
[Round "4"]
[White "mvson33"]
[Black "bonfim"]
[Result "1-0"]
[WhiteElo "1838"]
[BlackElo "1668"]

1. e4 e5 2. Nf3 Nf6 3. d3 Nc6 4. Be2 d5 5. exd5 Nxd5 6. O-O b5 7. Bd2 Bc5 8. Nc3
Nxc3 9. Bxc3 f6 10. a3 b4 11. axb4 Bxb4 12. Bxb4 Nxb4 13. Re1 O-O 14. Nd2 a5 15.
Nf3 Qe8 16. Qd2 Qg6 17. Kh1 Bb7 18. d4 Bxf3 19. Bxf3 Rad8 20. Be4 Rxd4 21. Qxd4
exd4 22. Bxg6 hxg6 23. Rec1 Nc6 24. Re1 Nb4 25. Re2 Ra8 26. Rae1 Kf8 27. g3 g5
28. Rd2 Nc6 29. Kg2 g4 30. Rde2 Ne5 31. Rd2 Nf3 32. Rde2 Nxe1+ 33. Rxe1 c5 34.
f3 gxf3+ 35. Kxf3 c4 36. Rd1 Rd8 37. Ke4 c3 38. bxc3 a4 39. cxd4 a3 40. c4 a2
41. Ra1 Ra8 42. Kd5 f5 43. c5 Ke7 44. c6 g6 45. Kc5 g5 46. d5 Ra5+ 47. Kb6 Rxd5
48. Rxa2 Rd6 49. Kb7 f4 50. c7 Rd7 51. Kb8 f3 52. c8=Q Rd8 53. Ra7+ Ke8 54.
Qxd8+ Kxd8 55. Rf7 g4 56. Rf4 Kd7 57. Rxg4 f2 58. Rf4 f1=Q 59. Rxf1 Ke7 60. g4
Ke6 61. g5 Ke7 62. g6 Ke6 63. g7 Ke5 64. g8=Q Ke4 65. Qg5 Kd4 66. Rf4+ Ke3 67.
Qg3+ Ke2 68. Rf2+ Ke1 69. Qg1# 1-0

[Event "AUTO-ADV-4540"]
[Site "http://www.queenalice.com/game.php?id=1776031"]
[Date "2021.12.1"]
[Round "2"]
[White "ricardoaurelio"]
[Black "bonfim"]
[Result "1-0"]
[WhiteElo "1939"]
[BlackElo "1673"]

1. e4 e5 2. Nf3 Nf6 3. d3 d6 4. h3 Nc6 5. Bg5 h6 6. Bxf6 Qxf6 7. Nc3 a6 8. Nd5
Qd8 9. c3 Be6 10. Be2 Ne7 11. c4 Bxd5 12. cxd5 Ng6 13. Rc1 Be7 14. Qa4+ b5 15.
Qa5 Nf4 16. g3 Nxe2 17. Kxe2 Ra7 18. Rc6 Qc8 19. Rhc1 Bd8 20. d4 f6 21. g4 O-O
22. Kd3 g5 23. b4 Kh8 24. Qa3 Qa8 25. Qa5 Kg8 26. h4 Rf7 27. Ke3 exd4+ 28. Nxd4
gxh4 29. Nf5 Kh7 30. Nxh4 1-0

[Event "AUTO-ADV-4540"]
[Site "http://www.queenalice.com/game.php?id=1776032"]
[Date "2021.12.1"]
[Round "2"]
[White "bonfim"]
[Black "ricardoaurelio"]
[Result "0-1"]
[WhiteElo "1659"]
[BlackElo "1936"]

1. e4 e5 2. Nf3 Nc6 3. a3 Nf6 4. Nc3 Bc5 5. h3 d6 6. Bb5 Bd7 7. Bxc6 Bxc6 8. d3
h6 9. Qe2 O-O 10. Be3 Bxe3 11. Qxe3 Re8 12. O-O d5 13. exd5 Nxd5 14. Qc5 Qd6 15.
Qxd6 cxd6 16. Nxd5 Bxd5 17. c4 Bxf3 18. gxf3 Rac8 19. Rae1 g5 20. b3 f5 21. d4
b6 22. a4 a5 23. dxe5 dxe5 24. Rd1 Rcd8 25. Kh2 Kf7 26. Kh1 Ke6 27. Kh2 e4 28.
fxe4 fxe4 29. Rfe1 Kf5 30. Kg2 Kf4 31. Kh2 Kf3 32. Rxd8 Rxd8 33. Kg1 Rd2 34.
Re3+ Kf4 35. Kg2 Rd3 36. Rxd3 exd3 37. Kf1 Kf3 38. Ke1 Ke4 39. Kd2 Kd4 40. f3 h5
41. Ke1 Kc3 42. h4 gxh4 43. Kd1 h3 44. f4 h2 45. Ke1 h1=Q+ 46. Kf2 d2 47. f5
d1=Q 48. Kg3 Qdf3# 0-1

[Event "AUTO-ADV-4540"]
[Site "http://www.queenalice.com/game.php?id=1776035"]
[Date "2021.12.1"]
[Round "2"]
[White "bonfim"]
[Black "LMP1989"]
[Result "0-1"]
[WhiteElo "1646"]
[BlackElo "2064"]

1. e4 c5 2. e5 Nc6 3. Nf3 d6 4. exd6 exd6 5. Bb5 Bd7 6. Nc3 Nf6 7. d4 Nxd4 8.
Bxd7+ Qxd7 9. Nxd4 cxd4 10. Qxd4 Be7 11. Bg5 O-O 12. O-O-O Qf5 13. Bxf6 Bxf6 14.
Qe4 Qa5 15. Qd5 Bxc3 16. bxc3 Qxc3 17. Qxb7 Rac8 18. Qb2 Qc6 19. g4 Rb8 20. Qd4
Rfc8 21. Rd2 Qxh1+ 22. Rd1 Qb7 23. Qa1 Qb4 24. Rd2 Qxg4 25. Qd4 Qxd4 26. Rxd4
Rc6 27. f4 Rbc8 28. Rd2 g6 29. Rg2 d5 30. Kb2 Rc4 31. Rf2 d4 32. Rd2 d3 33. Rxd3
Rxc2+ 34. Kb3 Rxh2 35. Re3 Rcc2 36. a4 Rce2 37. Rd3 Re4 38. Rd7 Rh3+ 39. Kc2
Re2+ 40. Rd2 Rxd2+ 41. Kxd2 Rf3 42. a5 Rxf4 43. Ke3 Rf5 44. Kd4 h5 45. Ke4 h4
46. Ke3 h3 47. a6 h2 48. Ke2 h1=B 49. Ke1 g5 50. Ke2 g4 51. Ke1 g3 52. Ke2 g2
53. Ke3 g1=N 54. Kd4 Kg7 55. Ke3 Kg6 56. Kd4 Ra5 57. Kc4 Rxa6 58. Kb5 Re6 59.
Kc5 f5 60. Kd4 f4 61. Kd3 f3 62. Kc4 f2 63. Kd3 f1=R 64. Kd4 Rb6 65. Kd3 a5 66.
Kc4 a4 67. Kd4 a3 68. Kc5 Rbb1 69. Kd6 a2 70. Kd7 a1=Q 71. Ke7 Rf7+ 72. Kd6 Qd4+
73. Ke6 Re1# 0-1

[Event "AUTO-ADV-4540"]
[Site "http://www.queenalice.com/game.php?id=1776036"]
[Date "2021.12.1"]
[Round "2"]
[White "LMP1989"]
[Black "bonfim"]
[Result "1-0"]
[WhiteElo "2063"]
[BlackElo "1648"]

1. e4 e5 2. Nf3 Nc6 3. Bb5 Qf6 4. h3 a6 5. Bxc6 Qxc6 6. O-O d6 7. Nc3 Nf6 8. Re1
Be6 9. d4 Qb6 10. dxe5 Nd7 11. exd6 Qxd6 12. Be3 Qb4 13. Qd2 Qd6 14. Rad1 Qxd2
15. Rxd2 Bb4 16. a3 Bxc3 17. bxc3 h6 18. Nd4 O-O-O 19. Nxe6 fxe6 20. Red1 Nf6
21. f3 g5 22. Bd4 Rhf8 23. Bxf6 Rxd2 24. Rxd2 Rxf6 25. Kf2 e5 26. Ke3 b5 27. Rd5
c6 28. Rd1 Kc7 29. a4 Kb6 30. axb5 Kxb5 31. Rd8 Kc5 32. Ra8 Kc4 33. Rxa6 Kxc3
34. Ra5 Re6 35. g3 Kxc2 36. f4 exf4+ 37. gxf4 gxf4+ 38. Kxf4 Rd6 39. e5 Rd5 40.
Rxd5 cxd5 41. e6 d4 42. e7 d3 43. e8=Q d2 44. Qe2 Kc1 45. Kf5 d1=Q 46. Qxd1+
Kxd1 47. Kg6 h5 48. Kxh5 Ke2 49. Kg6 Kf3 50. h4 Kg4 51. h5 Kh4 52. h6 Kg4 53. h7
Kh4 54. h8=Q+ Kg4 55. Qe5 Kf3 56. Kg5 Kf2 57. Qc3 Ke2 58. Kf4 Kf2 59. Qd2+ Kg1
60. Kg3 Kf1 61. Qf2# 1-0

[Event "Challenge"]
[Site "http://www.queenalice.com/game.php?id=1788266"]
[Date "2022.5.4"]
[Round "-"]
[White "naugard47"]
[Black "bonfim"]
[Result "1/2-1/2"]
[WhiteElo "1728"]
[BlackElo "1644"]

1. e4 e5 2. Nf3 Nc6 3. a3 a6 4. Nc3 Nf6 5. h3 Bc5 6. Bc4 h6 7. Bxf7+ Kxf7 8. O-O
d6 9. d3 Be6 10. b4 Bd4 11. Nxd4 Nxd4 12. f4 g6 13. Ne2 Nxe2+ 14. Qxe2 exf4 15.
Bxf4 Ke8 16. e5 Nd5 17. Bd2 Qd7 18. c4 Ne7 19. Bf4 d5 20. c5 c6 21. d4 Nf5 22.
Qf2 Ke7 23. Rab1 h5 24. Bg5+ Kf8 25. Qd2 Ke8 26. Qd3 Rf8 27. a4 Rf7 28. a5 Ra7
29. g4 hxg4 30. hxg4 Ng7 31. Qxg6 Bxg4 32. Rf4 Nf5 33. Rxg4 Ne7 34. Bxe7 Qxe7
35. e6 b5 36. exf7+ Qxf7 37. Rf1 Qxg6 38. Rxg6 Rc7 39. Rg8+ Ke7 40. Rg7+ Ke6 41.
Rxc7 1/2-1/2

[Event "Challenge"]
[Site "http://www.queenalice.com/game.php?id=1791734"]
[Date "2022.6.29"]
[Round "-"]
[White "bonfim"]
[Black "naugard47"]
[Result "0-1"]
[WhiteElo "1647"]
[BlackElo "1715"]

1. e4 e5 2. Nf3 Nc6 3. a3 a6 4. Nc3 Nf6 5. Bc4 h6 6. d3 Bc5 7. Na4 Bd4 8. c3
Bxf2+ 9. Kxf2 O-O 10. h3 d6 11. Be3 b5 12. Bd5 Nxd5 13. exd5 Ne7 14. c4 bxa4 15.
Qxa4 Bd7 16. Qc2 f6 17. Nh4 Nf5 18. Nxf5 Bxf5 19. g4 Bg6 20. Rhg1 f5 21. gxf5
Rxf5+ 22. Ke2 Bh5+ 23. Kd2 Qh4 24. Raf1 Rxf1 25. Rxf1 Qxh3 26. Re1 Rf8 27. Kc3
Qg3 28. Qd2 Rc8 29. Bf2 Qh3 30. Rg1 Qd7 31. Qxh6 Bf3 32. Qe6+ Qxe6 33. dxe6 Re8
34. Rg3 Bh5 35. Rg5 Be2 36. Rg2 Rxe6 37. Be3 Bh5 38. b4 c6 39. Kb3 c5 40. bxc5
dxc5 41. Bxc5 e4 42. dxe4 Rxe4 43. Kb4 Bf7 44. Rc2 g6 45. Bf2 g5 46. Bg3 Kg7 47.
Rc3 g4 48. Kb3 Kh6 49. Kb4 Re6 50. c5 Re4+ 51. Ka5 Re6 52. c6 Be8 53. c7 Bd7 54.
Bf4+ Kh5 55. Bg3 Bc8 56. a4 Bd7 57. Rc5+ Kg6 58. Rc4 Bc8 59. Rxg4+ Kf7 60. Rd4
Rc6 61. Re4 Bb7 62. Rd4 Re6 63. Rb4 Bc8 64. Rc4 Bb7 65. Rb4 Bc8 66. Rb8 Re8 67.
Rb4 Re6 68. Bh2 Rc6 69. Rb8 Bd7 70. Rb4 Re6 71. Rd4 Bc8 72. Rd8 Re8 73. Bg3 Be6
74. Kxa6 Bg4 75. Kb7 Re4 76. a5 Rb4+ 77. Ka7 Rb2 78. Rd3 Rb1 79. Rd8 Rb2 80. Rd6
Rb3 81. Bf4 Rb5 82. a6 Rb4 83. Bh2 Rb2 84. Rh6 Bf5 85. Rh8 Ke7 86. c8=Q Bxc8 87.
Rxc8 Rxh2 88. Kb7 Rb2+ 89. Kc7 Rc2+ 90. Kb7 Rb2+ 91. Ka7 Kd7 92. Rc1 Rb4 93. Ka8
Rb3 94. Rh1 Rb6 95. Rh7+ Kc8 96. a7 Rb5 97. Rh8+ Kc7 0-1

[Event "Challenge"]
[Site "http://www.queenalice.com/game.php?id=1825540"]
[Date "2023.11.20"]
[Round "-"]
[White "dimitridruloza2012"]
[Black "bonfim"]
[Result "1-0"]
[WhiteElo "1785"]
[BlackElo "1634"]

1. g3 e5 2. Bg2 Nf6 3. b3 Nc6 4. Bb2 d5 5. Nf3 h6 6. Nc3 a6 7. Na4 Bd6 8. O-O b5
9. Nc3 e4 10. Nh4 g5 11. Nxd5 Nxd5 12. Bxh8 gxh4 13. e3 hxg3 14. fxg3 f5 15.
Qh5+ Kd7 16. Qxf5+ Ke7 17. Qf7# 1-0

[Event "Challenge"]
[Site "http://www.queenalice.com/game.php?id=1826853"]
[Date "2023.12.9"]
[Round "-"]
[White "bonfim"]
[Black "dimitridruloza2012"]
[Result "1-0"]
[WhiteElo "1624"]
[BlackElo "1782"]

1. e4 b6 2. e5 Nc6 3. Nf3 Bb7 4. Nc3 g6 5. Bb5 Bg7 6. Bxc6 Bxc6 7. d4 Nh6 8.
Bxh6 Bxh6 9. Qe2 e6 10. h4 Qe7 11. a3 a5 12. a4 Qb4 13. Ra2 Bc1 14. O-O Bxb2 15.
Nb1 Bxd4 16. Qd2 Qc4 17. c3 Bc5 18. Qc2 Bxf3 19. gxf3 Qxh4 20. Qe4 Qg5+ 21. Kh1
O-O 22. Nd2 d6 23. Qg4 Qxe5 24. c4 Qc3 25. f4 Kg7 26. Qh4 Qd3 27. Qg3 Qd4 28.
Rc2 d5 29. Nf3 Qe4 30. Kh2 Qxc2 31. Ne5 Qe2 32. Kg2 dxc4 33. Nd7 Rfd8 34. Qc3+
Kh6 35. Rh1+ Qh5 36. Rxh5+ Kxh5 37. Nf6+ Kh6 38. Ng4+ Kh5 39. Qh3# 1-0

[Event "Challenge"]
[Site "http://www.queenalice.com/game.php?id=1828749"]
[Date "2024.1.8"]
[Round "-"]
[White "arvo1938"]
[Black "bonfim"]
[Result "1-0"]
[WhiteElo "2147"]
[BlackElo "1646"]

1. f4 d5 2. Nf3 d4 3. c3 dxc3 4. bxc3 Bg4 5. e3 Bxf3 6. Qxf3 c6 7. d4 e6 8. Bd3
Nf6 9. Nd2 Qa5 10. Rb1 b5 11. O-O a6 12. Bb2 Qxa2 13. f5 Be7 14. e4 exf5 15. e5
Ba3 16. exf6 gxf6 17. Qxf5 Nd7 18. Qe4+ Be7 19. Qxc6 Qe6 20. Qxa8+ Bd8 21. Rbe1
Ne5 22. Ba3 Qd5 23. Qxd5 Bc7 24. Qa8+ Bd8 25. Qc6# 1-0

[Event "Challenge"]
[Site "http://www.queenalice.com/game.php?id=1830822"]
[Date "2024.2.4"]
[Round "-"]
[White "Leanne"]
[Black "bonfim"]
[Result "0-1"]
[WhiteElo "1330"]
[BlackElo "1644"]

1. c4 c5 2. e3 e5 3. d4 cxd4 4. exd4 e4 5. Nc3 Bb4 6. Bd2 Bxc3 7. Bxc3 Ne7 8. g3
d5 9. b3 b6 10. Bg2 Bf5 11. Ne2 Nbc6 12. O-O O-O 13. cxd5 Nxd5 14. Bb2 e3 15.
Nf4 Nxf4 16. gxf4 Re8 0-1

[Event "Challenge"]
[Site "http://www.queenalice.com/game.php?id=1830824"]
[Date "2024.2.4"]
[Round "-"]
[White "Rovigo"]
[Black "bonfim"]
[Result "0-1"]
[WhiteElo "1490"]
[BlackElo "1647"]

1. e4 e5 2. Nf3 Nc6 3. Bb5 Qf6 4. Bxc6 dxc6 5. d4 Bg4 6. Bg5 Bxf3 7. Bxf6 Bxd1
8. dxe5 Bxc2 9. Na3 Bxe4 10. f3 Bb4+ 11. Ke2 gxf6 12. fxe4 Bxa3 13. bxa3 fxe5
14. Rad1 Nf6 15. Ke3 Ng4+ 16. Kf3 Nf6 17. Rb1 O-O-O 18. h4 Rd3+ 19. Ke2 Rxa3 20.
Rb2 Nxe4 21. Rc1 Rg8 22. Rg1 c5 23. g4 Nc3+ 24. Kd2 Rd8+ 25. Kc2 Nxa2 26. Ra1
Nb4+ 27. Kb1 Rd1# 0-1

[Event "Challenge"]
[Site "http://www.queenalice.com/game.php?id=1830825"]
[Date "2024.2.4"]
[Round "-"]
[White "iliov2008"]
[Black "bonfim"]
[Result "0-1"]
[WhiteElo "1370"]
[BlackElo "1664"]

1. e4 e5 2. Bc4 Nf6 3. d3 h6 4. Nf3 Nc6 5. Nc3 Bb4 6. h4 Bxc3+ 7. bxc3 d6 8. a4
Bg4 9. Bb5 Qd7 10. d4 exd4 11. Bxc6 Qxc6 12. Qxd4 Bxf3 13. gxf3 O-O 14. e5 Rae8
15. Be3 dxe5 16. Qb4 Qxf3 17. Rf1 b6 18. a5 c5 19. Qa4 Qe4 20. Ke2 Qg4+ 21. f3
Qxa4 22. Rxa4 Nd5 23. axb6 Nxc3+ 24. Kd3 Nxa4 25. bxa7 Rc8 26. Ra1 Nb6 27. Ra6
c4+ 28. Ke4 Nd7 29. Rd6 Nf6+ 30. Kxe5 Rfe8+ 31. Kd4 Re7 32. Ra6 Ree8 33. Bf4
Red8+ 34. Kc3 Nd5+ 35. Kd4 Nxf4+ 36. Ke4 Ng2 37. h5 Ne1 38. c3 Ra8 39. f4 Rd7
40. Ke5 Rdxa7 41. Rc6 Ra4 42. Rd6 Nf3+ 43. Ke4 Ne1 44. Rd1 Nc2 45. Rc1 Re8+ 46.
Kf3 Re3+ 47. Kf2 Rxc3 48. Rd1 Rh3 49. Kg2 Rxh5 50. Rd8+ Kh7 51. Rd2 Ra2 52. Kg3
c3 53. Rd1 Ra1 54. Rd3 Rc5 55. Kf2 Nb4 56. Rd7 c2 57. Rb7 Rf1+ 58. Ke2 c1=Q 59.
Rxf7 Rc2# 0-1

[Event "Challenge"]
[Site "http://www.queenalice.com/game.php?id=1832350"]
[Date "2024.2.25"]
[Round "-"]
[White "Leanne"]
[Black "bonfim"]
[Result "0-1"]
[WhiteElo "1341"]
[BlackElo "1661"]

1. e4 e5 2. Nf3 Nc6 3. d4 exd4 4. Nxd4 Qf6 5. Nxc6 Qxc6 6. Nc3 Bb4 7. Bd2 Bxc3
8. Bxc3 Qxe4+ 9. Qe2 Qxe2+ 10. Kxe2 Kf8 11. Bb4+ Ne7 12. Re1 d5 13. Kf3 Be6 14.
Bxe7+ Kxe7 15. c4 c6 16. b4 dxc4 17. Bxc4 Kf6 18. Bxe6 fxe6 0-1

[Event "Challenge"]
[Site "http://www.queenalice.com/game.php?id=1832351"]
[Date "2024.2.25"]
[Round "-"]
[White "bonfim"]
[Black "Leanne"]
[Result "1-0"]
[WhiteElo "1657"]
[BlackElo "1345"]

1. e4 e6 2. e5 d6 3. exd6 cxd6 4. Nf3 Nc6 5. Nc3 d5 6. Bb5 Bd7 7. d4 Nf6 8. Bxc6
Bxc6 9. Bg5 Bb4 10. Bxf6 Qxf6 11. Qd3 O-O 12. a3 Bxc3+ 13. Qxc3 Bd7 14. O-O Qf5
15. Qc7 Bb5 16. Rfc1 Be2 17. Qg3 Bxf3 18. Qxf3 Qg5 19. Rd1 Rae8 20. Re1 e5 21.
Qxd5 exd4 22. Qxg5 1-0

[Event "Challenge"]
[Site "http://www.queenalice.com/game.php?id=1832828"]
[Date "2024.3.5"]
[Round "-"]
[White "bonfim"]
[Black "Rovigo"]
[Result "1-0"]
[WhiteElo "1668"]
[BlackElo "1469"]

1. e4 e5 2. Nf3 Nc6 3. Bb5 d6 4. Bxc6+ bxc6 5. Nc3 Bg4 6. h3 Bxf3 7. Qxf3 Qf6 8.
Qg3 h5 9. h4 a5 10. a3 g6 11. d3 Bh6 12. Bxh6 Nxh6 13. O-O-O d5 14. Ne2 Ng4 15.
Rdf1 dxe4 16. dxe4 a4 17. Qf3 Qxf3 18. gxf3 Nf6 19. f4 exf4 20. f3 Ke7 21. Nxf4
Rad8 22. e5 Nd5 23. Nd3 Ne3 24. Rfg1 Rd5 25. Nb4 Rc5 26. c3 Rd8 27. Rg5 f6 28.
exf6+ Kxf6 29. Na6 Ra5 30. Rxa5 Nc4 31. Rc5 Ne5 32. Rd1 Rc8 33. Nb4 Nxf3 34. Rf1
Ke6 35. Rxf3 Kd6 36. Rxc6+ Kd7 37. Rd3+ Ke8 38. Rxg6 Kf7 39. Rdg3 c5 40. Rg7+
Kf6 41. Nd5+ Ke6 42. Nf4+ Ke5 43. Nxh5 Rh8 44. R3g5+ Ke4 45. Rxc5 Rf8 46. Rc4+
Kd5 47. Rxa4 Rf1+ 48. Kc2 Rf2+ 49. Kb3 Kc6 50. Rg6+ Kd5 51. Rg5+ Kc6 52. Rg6+
Kb7 53. Rb4+ Kc7 54. Nf6 Rd2 55. h5 Rd8 56. h6 Rh8 57. h7 Kc6 58. Rg8 Rxh7 59.
Nxh7 1-0